Statistics for Countries that Beat Sweden

Click here to take the quiz!

General Stats

  • This quiz has been taken 2,969 times
    (2,431 since last reset)
  • The average score is 13 of 19

Answer Stats

RankCategoryCountries% Correct
6Northernmost pointCanada | Russia | Norway | United States | Finland
100%
3Largest in the European UnionFrance | Spain
93%
5Most Nobel PrizesUnited States | United Kingdom | Germany | France
93%
8Most billionaires per-capitaMonaco | St. Kitts and Nevis | Liechtenstein | Cyprus |
Singapore | Switzerland | Iceland
86%
2Most forested in EuropeFinland
85%
7Legalized same-sex marriage firstNetherlands | Belgium | Spain | Canada | South Africa | Norway
84%
3Most democratic [2]Iceland | Norway
81%
2Largest lake by area in EuropeRussia
75%
5Has the most "vertical" shapeChile | Togo | Portugal | Belize
70%
9Most refugees per-capita [1]Lebanon | Jordan | Nauru | Chad | Turkey | South Sudan |
Mauritania | Djibouti
67%
4Largest country bordering two othersUnited States | Mongolia | Yemen
65%
4Highest taxes as a % of GDP [4]France | Denmark | Belgium
64%
2Most Eurovision winsIreland
52%
6Earliest use of its current flag designAustria | Latvia | Georgia | Denmark | Switzerland
51%
4Most Nobel laureates per capitaSt. Lucia | Luxembourg | Switzerland
50%
6Largest country whose capital city
starts with the same letter
Brazil | Algeria | Mexico | Niger | Mozambique
47%
2Finished in top 4 in FIFA World Cup
most times without winning
Netherlands
46%
2Most irreligious [3]China
41%
5Highest % female in the Parliament [5]
* as in lower or single house
Rwanda | Cuba | Bolivia | United Arab Emirates |
Mexico | Nicaragua
19%

Score Distribution

Percentile by Number Answered

Percent of People with Each Score

Your Score History

You have not taken this quiz since the last reset